Estatuto del fondo centroamericano de integración económica
Uloženo v:
| Médium: | Text |
|---|---|
| Tagy: |
Přidat tag
Žádné tagy, Buďte první, kdo vytvoří štítek k tomuto záznamu!
|
MARC
| LEADER | 00000 a a2200000 04500 | ||
|---|---|---|---|
| 001 | 16080 | ||
| 003 | |||
| 040 | |||
| 245 | |a Estatuto del fondo centroamericano de integración económica | ||
| 773 | |g número 1; páginas 200-204 | ||
| 999 | |c 38242 |d 38242 | ||
